• 首页
  • 本馆介绍
  • 公告通知
  • 最新文献
  • 馆藏检索
  • 电子资源
  • 读者导购
  • 参考咨询
  • 我的图书馆
  • 登录
  • 详细信息显示
  • 放入我的书架
  • 预约/预借图书
  • 作者相关作品
  • 分类相关作品
  • 丛书相关作品
  • 出版社相关作品

书目信息

  • 表格格式
  • 工作单格式
  • 卡片格式
题名:
青春的本性
    
 
作者: 考尔曼 著 ;杨高潮 , 杨新潮 译
分册:  
出版信息: 杭州   浙江人民出版社  1987
页数: 157页
开本: 19cm
丛书名:
单 册:
中图分类: B844.2 , B84
科图分类:
主题词: 青少年心理学 , 心理学
电子资源:
ISBN: 7-213-00046-2
000 00722nam0 2200265 45
001 1236849699
005 20120928101543.92
010    @a7-213-00046-2@dCNY0.90
100    @a19900808d1987 em y0chiy0121 ea
101 1  @achi@ceng
102    @aCN@b330000
105    @ay z 000yy
200 10 @a青春的本性@Aqing chun de ben xing@f(英)J.C.考尔曼著@g杨高潮, 杨新潮译
210    @a杭州@c浙江人民出版社@d1987
215    @a157页@d19cm
606 0  @a青少年心理学
606 0  @a心理学
690    @aB844.2@v3
690    @aB84@v4
701  1 @a考尔曼@Akao er man@bJ.C.@4著
702  0 @a杨高潮@Ayang gao chao@4译
702  0 @a杨新潮@Ayang xin chao@4译
801  0 @aCN@bTSSF
801  2 @aCN@bNLC
905    @a10447@dB84@eJY21
    
    青春的本性/(英)J.C.考尔曼著/杨高潮, 杨新潮译.-杭州:浙江人民出版社,1987
    157页;19cm
    
    
    ISBN 7-213-00046-2:CNY0.90
    
●
相关链接 在E读中查询图书 在五车中查询图书 在当当中查询图书 在豆瓣中查询图书


正题名:青春的本性     索取号:B84/JY21         预约/预借

序号 登录号 条形码 馆藏地/架位号 状态 备注
1 7830017   278300170   学院路分馆/ [索取号:B84/JY21] 在馆    
2 7830018   278300189   学院路分馆/ [索取号:B84/JY21] 在馆    
唐山师范学院图书馆 欢迎您!
大连网信软件有限公司© 版权所有